| 000 | 01057nac a22004330a 4500 | ||
|---|---|---|---|
| 001 | PT54347 | ||
| 003 | AR-LpoUNG | ||
| 005 | 20210201005529.0 | ||
| 008 | 201001s1995||||sp |||||||||||||||||spa d | ||
| 020 |
_a8441300739 _c$28 |
||
| 040 |
_aAR-LpoUNG _bspa _eaacr |
||
| 041 | _aspa | ||
| 044 | _asp | ||
| 082 | 0 | _aR909 794eda-v2 | |
| 100 | 1 | _aGay, Peter | |
| 245 | 1 | 3 |
_aLa edad de las luces : _b1690-1790 |
| 260 |
_aBarcelona : _bFolio, _c1995. |
||
| 300 |
_a[83] p. : _bil., mapas, gráfs., fot. _3Impreso |
||
| 490 | 0 | _aAtlas culturales del mundo | |
| 650 | 4 | _aANALISIS HISTORICO | |
| 650 | 4 | _aARTE | |
| 650 | 4 | _aATLAS | |
| 650 | 4 | _aCIENCIA | |
| 650 | 4 | _aCIVILIZACION | |
| 650 | 4 | _aCULTURA | |
| 650 | 4 | _aFACTORES CULTURALES | |
| 650 | 4 | _aFILOSOFIA | |
| 650 | 4 | _aFRANCIA | |
| 650 | 4 | _aHISTORIA | |
| 650 | 4 | _aMATERIAL DE REFERENCIA | |
| 650 | 4 | _aMUSICA | |
| 650 | 4 | _aSOCIEDAD | |
| 651 | 4 | _aMundial | |
| 653 | _aENCICLOPEDIA | ||
| 653 | _aILUSTRACION | ||
| 700 | 1 | _aKrieger, Leonard | |
| 905 | _a54347 | ||
| 942 | _cLSALA | ||
| 999 |
_c50083 _d50083 |
||